| 000 | 00553cam a2200169 4500500 | ||
|---|---|---|---|
| 005 | 20260405003914.0 | ||
| 041 | _afre | ||
| 042 | _adc | ||
| 245 | 0 | 0 | _a“La Beauté du vivant”, de Francis Hallé: à la découverte des formes du vivant |
| 260 | _c2024. | ||
| 500 | _a2 | ||
| 690 | _aBeauté | ||
| 690 | _aFrancis Hallé | ||
| 690 | _aNature | ||
| 786 | 0 | _nPhilosophie magazine | 185 | 12 | 2024-12-01 | p. 44-44 | 1951-1787 | |
| 856 | 4 | 1 | _uhttps://shs.cairn.info/magazine-philosophie-magazine-2024-12-page-44?lang=fr&redirect-ssocas=7080 |
| 999 |
_c2071966 _d2071966 |
||